Statistics for Chicago Bulls: Most Dunks Each Year

Click here to take the quiz!

General Stats

  • This quiz has been taken 50 times
    (31 since last reset)
  • The average score is 11 of 18

Answer Stats

Year Player Dunks % Correct
2018-2019Zach LaVine69
92%
2007-2008Joakim Noah / Tyrus Thomas59
88%
2009-2010Joakim Noah72
88%
2006-2007Luol Deng90
73%
2010-2011Taj Gibson61
69%
2017-2018Lauri Markkanen63
62%
2005-2006Tyson Chandler64
46%
2008-2009Tyrus Thomas106
46%
2001-2002Eddy Curry71
42%
2016-2017Cristiano Felicio46
4%

Score Distribution

Percentile by Number Answered

Percent of People with Each Score

Your Score History

You have not taken this quiz since the last reset